Akruálny a hotovostný princíp zaznamenávania transakcií podniku
Podnikateľské subjekty zaznamenávajú transakcie vznikajúce pri ich činnosti na akruálnej báze alebo na hotovostnej báze. Základný rozdiel medzi týmito dvoma prístupmi spočíva v načasovaní zaznamenávania transakcií. Kým uplatnením hotovostného princípu sa transakcie zaznamenávajú len v prípade prijat...
Gespeichert in:
| 1. Verfasser: | |
|---|---|
| Format: | Buchkapitel |
| Sprache: | Slowakisch |
| Schlagworte: | |
| Tags: |
Keine Tags, Fügen Sie das erste Tag hinzu!
|
MARC
| LEADER | 00000nla a2200000 4500 | ||
|---|---|---|---|
| 001 | 0183613 | ||
| 005 | 20220718133655.6 | ||
| 041 | 0 | |a slo | |
| 044 | |a SK | ||
| 245 | 1 | 0 | |a Akruálny a hotovostný princíp zaznamenávania transakcií podniku |c Jozefína Hvastová |
| 520 | |a Podnikateľské subjekty zaznamenávajú transakcie vznikajúce pri ich činnosti na akruálnej báze alebo na hotovostnej báze. Základný rozdiel medzi týmito dvoma prístupmi spočíva v načasovaní zaznamenávania transakcií. Kým uplatnením hotovostného princípu sa transakcie zaznamenávajú len v prípade prijatia alebo uhradenia peňažných prostriedkov, pri akruálnom princípe sa transakcie vykazujú v momente ich vzniku. Celosvetovo uznávaným princípom je však akruálny princíp. V rámci neho zisk vyjadruje nielen prírastok peňažných prostriedkov, ale aj očakávané peňažné prostriedky, a strata vyjadruje nielen úbytok peňažných prostriedkov, ale aj ich očakávaný úbytok, čím poskytuje lepší obraz o výkonnosti podniku. Zisk vykázaný na hotovostnom princípe je len rozdielom príjmov a výdavkov, čo vypovedá o schopnosti podniku generovať svojou činnosťou peniaze. Pre úspešné riadenie podnikov sú však potrebné obidva druhy informácií. | ||
| 610 | 2 | 0 | |a príjmy |
| 610 | 2 | 0 | |a výdavky |
| 610 | 2 | 0 | |a cash flow |
| 610 | 2 | 0 | |a riadenie podnikové |
| 610 | 2 | 0 | |a výnosnosť |
| 610 | 2 | 0 | |a účtovníctvo akruálne |
| 100 | 1 | |a Hvastová, Jozefína, 1969- | |